000 04807nab a2200337 i 4500
003 BR-BrBNA
005 20250918154545.0
008 250918b2022 bl.qr|pooa||| 00| 0 eng |
040 _aBR-BrBNA
_beng
072 _aF30
_b1830
072 _aF01
100 _aSilva, Jordana Antônia dos S
100 _aPereira, Jacqueline Wanessa de L
100 _aValadares, Ricardo de N
100 _aLima, Rayhonay SR de
100 _aSilva, Fabian S
100 _aGuiselini, Cristiane
100 _aMenezes, Dimas
245 _aAdaptability and stability of eggplant submitted to different levels of shading via REML/BLUP
500 _aPublicação online; 27 ref.; 3 tables; Summaries (En, Pt)
520 _a ABSTRACT: This study aimed to evaluate the eggplant genotype x environment ineraction, using the REML/BLUP procedure, in order to identify genotypes with high productivity, adaptability and phenotypic stability. The experiments were carried out in agricultural greenhouses, in two seasons, with three types of shading: uncovered (UC); covered with plastic diffuser film (PD), 130 microns thick, covered with plastic diffuser film (130 micron) + 50% shading screen (SS). Twelve eggplant genotypes were evaluated, with four replicates and an experimental plot consisting of four plants. The traits evaluated in this study were: fruit set index, number of fruits per plant, average production of fruits/plant and in vitro pollen viability. To assess the adaptability and stability of the genotypes, statistical analyzes and estimation of genetic parameters were performed using the mixed-models of REML/BLUP type, with the aid of SELEGEN software and the statistical model 51. According to the results obtained, the authors verified an agreement between the three methods: Relative Performance of Genetic Values (PRVG), Harmonic Average of Genotypic Values (MHVG) and Harmonic Mean of Relative Performance of Genetic Values (MHPRVG) for average fruits production per plant (PP), number of fruits per plant (NF) and in vitro pollen viability (IVPV), showing the high degree of agreement in the ordering of materials. Thus, it is possible to indicate that the genotypes with the best productive performance, adaptability and stability in the evaluated environments were CNPH135×CNPH60, CNPH135×CNPH51, CNPH135×CNPH141, CNPH109, CNPH109×CNPH60 and CNPH109×CNPH141. Keywords: Solanum melongena, genotype x environment interaction, mixed models
520 _a RESUMO: Objetivou-se avaliar a interação entre genótipos de berinjela e ambientes, utilizando o procedimento REML/BLUP com a finalidade de identificar genótipos com alta produtividade, adaptabilidade e estabilidade fenotípica. Os experimentos foram conduzidos em estufas agrícolas, em duas épocas, com três tipos de sombreamento: Sem cobertura (UC); Cobertura com plástico filme difusor de 130 micras (PD); Cobertura com plástico filme difusor de 130 micras + tela de sombreamento de 50% SS. Foram avaliados 12 genótipos de berinjela, com quatro repetições e a parcela experimental composta por quatro plantas. Os caracteres avaliados foram: Índice de pegamento de fruto, Número de frutos por planta, Produção média de frutos/planta e Viabilidade polínica in vitro. Para a avaliação da adaptabilidade e estabilidade dos genótipos foram realizadas as análises estatísticas e a estimação dos parâmetros genéticos baseadas em modelos mistos do tipo REML/BLUP, empregando o software SELEGEN e o modelo estatístico 51. De acordo com os resultados obtidos, houve concordância entre os três métodos: Performance Relativa dos Valores Genéticos (PRVG), Média Harmônica dos Valores Genotípicos (MHVG) e Média Harmônica da Performance Relativa dos Valores Genéticos (MHPRVG) para os caracteres Produção média de frutos por planta (PP), Número de frutos por planta (NF) e Viabilidade polínica in vitro (IVPV), evidenciando o alto grau de concordância no ordenamento dos materiais. A partir disto, é possível indicar que os genótipos com o melhor desempenho produtivo, adaptabilidade e estabilidade nos ambientes avaliados foram CNPH135×CNPH60, CNPH135×CNPH51, CNPH135×CNPH141, CNPH109, CNPH109×CNPH60 e CNPH109×CNPH141. Palavras-chave: Solanum melongena, interação genótipo x ambiente, modelos misto
650 _aBERINJELA
650 _aINTERAÇÃO GENÉTICA
650 _aSOMBREAMENTO
650 _aPRODUTIVIDADE
773 0 _01047
_9357914
_dBrasília-DF Sociedade de Olericultura do Brasil 1983
_o2025-5879
_tHorticultura Brasileira (Brazil)
_x0102-0536
_gv. 40(1) p. 99-106; (2022)
_wBR2025002010
856 _uhttps://www.scielo.br/j/hb/a/hFPh5yW48nLcL8fQ7bbhLpf/?format=pdf&lang=en
942 _cANA
999 _c338251
_d338251